Madarak és fák napja

Deń vtákov a stromov v obci Kudlovce, ktoré zorganizoval tamojší riaditeľ obecnej školy Anton Doby ml. a učiteľka Božena Durcsinszky [28.04.1914]

Podrobná bibliografia
Médium: Článok
Jazyk:Hungarian
Témy:
Zdroj: 1. Felvidéki Hirlap 1. Roč. 7, č. 17 (03.05.1914) s. 2
LEADER 01255nab#a2200373#ar4500
001 000074485
003 SVKKK
005 20090317064247.0
008 080218d1914 xo |||||||||||||||b|hun
FMT
038 |a SVKKK 
040 |a SVKKK  |b slo  |e AACR2 
041 0 |a hun 
044 |a xo  |c SK 
080 |a 58+59  |2 1997 
080 |a 929 Doby, Anton ml.  |2 1997 
242 1 0 |a Deň vtákov a stromov  |y slo 
245 1 0 |a Madarak és fák napja 
500 |a Popis z mikrofilmu 
500 |a Dohľadanie 
520 2 |a Deń vtákov a stromov v obci Kudlovce, ktoré zorganizoval tamojší riaditeľ obecnej školy Anton Doby ml. a učiteľka Božena Durcsinszky [28.04.1914] 
600 1 4 |a Doby Feöldy, Anton ml.  |d 1871-19??  |x učiteľ  |d Bardejov (Slovensko)  |x rodák  |y Humenné, Kudlovce (Slovensko)  |x pôsobenie 
610 2 4 |a obecná škola (Kudlovce, Slovensko) 
650 0 4 |a deň vtákov a stromov  |y Kudlovce (Slovensko)  |y 28.04.1914 
655 4 |a hungariká 
773 0 |t Felvidéki Hirlap  |g Roč. 7, č. 17 (03.05.1914) s. 2 
957 |a Kudlovce (dnes Humenné) 
958 |a DG 
958 |a HU 
974 |a Ba 
992 |a RBX 
997 |a Doby, Antal ifj. p. Doby Feöldy, Anton ml.  |d Kudlóc p. Kudlovce p. Humenné 
BAS
998 |a RETRO